000 nam a22 a 4500
999 _c41244
_d41244
003 BLK
005 20230406030526.0
008 180408b bul|||||r ||||||| ||bul||
010 _aKNG00044790000
020 _a978-954-28-0896-1
040 _aBLK
041 _aBUL
_cBUL
072 7 _2bullib
_aН82
_xЛитературознание Н
080 _aЛитературна естетика. Философия на литературата
_b82.01
_z82.01
080 _aБългарска литература
_b821.163.2
_x.09
_z821.163.2.09
100 1 _aДойнов, Пламен
_eпърви автор
_9367623
139 _aДойнов, Пламен
_bД 71
245 1 0 _aБългарският соцреализъм 1956, 1968, 1989
_bНорма и криза в литературата на НРБ
_cПламен Дойнов.
257 _aBGR
260 _bCiela Soft and Publ.
_c2011
300 _a386 с.
_c24 см
380 _a82
490 1 _aПоредица Минало несвършено
500 _aИзд. на Инст. за изслед. на близкото минало. - Библиогр. с. 375-385.
650 4 _aСоциалистически реализъм - в литературата
_9277607
650 4 _aЛитература - теория и естетика
_9241540
650 4 _aБългарска литература - история
_9246271
653 _aсоциалистически реализъм
653 _aбългарска литература
659 _aН
852 _aЦб 254108
_bЦб
852 _bП
_c82.01/.09/Д 71 П
942 _cKNG
_n0
_03
_s1
944 _aCR
_c20.12.2011
_lф /
_kПенка_Димитрова
944 _aED
_c2022-04-05
_kКети